Statistiche per Riconosci la Squadra di calcio - Quiz n°180

Clicka qui per fare il quiz!

Statistiche generali

  • Questo quiz è stato fatto 3 volte
  • Il punteggio medio è 7 su 11

Statistiche sulle risposte

IndizioRisposta% Corretto
Titoli nazionali1 campionato di Serie B
100%
Colori socialiRosso, bianco
100%
ConfederazioneUEFA
100%
Trofei nazionali0
67%
Fondazione1919
67%
Rifondazione2012
67%
SimboliLupa capitolina
67%
Divisione nazionale 2023-2024Quarta
67%
Trofei internazionali1 Coppa Anglo-Italiana
33%
Capienza Stadio21 686 posti
33%
SquadraPiacenza
0%

Distribuzione punteggi

Percentile per numero di risposta

Percentuale di utenti per punteggio

I tuoi punteggi nel tempo

Non hai fatto questo quiz